000 00616nam a2200229Ia 4500
008 180523s9999 xx 000 0 und d
020 _a0-7360-3775-6
050 _aMAIN GV 1111
050 _b.W35 2003
100 _aWalker, Joseph B.
245 0 _aSelf-defense techniques & tactics /
245 0 _cJoseph B. Walker.
260 _aUSA :
260 _bHuman Kinetics.,
260 _c2003
300 _a189 pages :
300 _billustrations ;
300 _c25 cm.
500 _aIncludes index.
650 _aSelf-defense -- Handbooks, manuals, etc.
650 _xSelf-defense techniques and tactics.
999 _c356718
_d356718